000 00926nam a22002417a 4500
999 _c3984
_d3984
005 20241127162434.0
008 241127b ||||| |||| 00| 0 eng d
020 _a9781409567752
040 _cKH8
082 _a940.1088 WHI
100 _aWhistleblade, Archibald
_eAuthor
245 _aThe Usborne official knight's handbook /
_cArchibald Whistleblade
260 _a London,
_bUsborne,
_c2014
300 _a128 pages :
_billustrations (colour),
_c20 cm
_emap (colour) ;
500 _a Juvenile works
520 _aSo you want to be a knight? This handbook cover severything you need to know including how to kit yourself out, how to treat women in a courtly manner and how to use your sword to take part in a joust
521 _aKey Stage 2.
650 _aJuvenile works
650 _aKnights and knighthood
650 _aJuvenile literature
700 _aSilvermoon , Basil
_eIllustrator
942 _2ddc
_cNFIC